LEADER 02185nam 2200589 a 450 001 9910781899703321 005 20230721010459.0 010 $a0-8156-5103-1 035 $a(CKB)2550000000051354 035 $a(EBL)3410030 035 $a(SSID)ssj0000566266 035 $a(PQKBManifestationID)11377516 035 $a(PQKBTitleCode)TC0000566266 035 $a(PQKBWorkID)10534899 035 $a(PQKB)11500016 035 $a(MiAaPQ)EBC3410030 035 $a(OCoLC)759158731 035 $a(MdBmJHUP)muse3585 035 $a(Au-PeEL)EBL3410030 035 $a(CaPaEBR)ebr10493595 035 $a(CaONFJC)MIL946759 035 $a(EXLCZ)992550000000051354 100 $a20090326d2009 uy 0 101 0 $aeng 135 $aur|n|---||||| 181 $ctxt 182 $cc 183 $acr 200 10$aNational minority, regional majority$b[electronic resource] $ePalestinian Arabs versus Jews in Israel /$fYitzhak Reiter 205 $a1st ed. 210 $aSyracuse, N.Y. $cSyracuseUniversity Press$d2009 215 $a1 online resource (436 p.) 225 1 $aSyracuse studies on peace and conflict resolution 300 $aDescription based upon print version of record. 311 $a0-8156-3230-4 320 $aIncludes bibliographical references (p. 343-360) and index. 327 $aThe conflict sources -- The earthquake -- Arabs under Likud -- Palestine first : West Bank and Gaza projection -- Turning the scales between Likud and labor -- The first Intifada and the Madrid conference -- Peace and affirmative action -- The emergence of a national minority -- Black October -- The Jewish counterattack -- Future vision. 410 0$aSyracuse studies on peace and conflict resolution. 606 $aPalestinian Arabs$zIsrael 606 $aJewish-Arab relations 607 $aIsrael$xEthnic relations 615 0$aPalestinian Arabs 615 0$aJewish-Arab relations. 676 $a305.892/74 700 $aReiter$b Yitzhak$01513975 801 0$bMiAaPQ 801 1$bMiAaPQ 801 2$bMiAaPQ 906 $aBOOK 912 $a9910781899703321 996 $aNational minority, regional majority$93820256 997 $aUNINA LEADER 02155nas 2200673-a 450 001 996210658803316 005 20230801213017.0 011 $a1872-6909 035 $a(DE-599)ZDB2002835-0 035 $a(OCoLC)38871477 035 $a(CKB)954926228400 035 $a(CONSER)--2005233265 035 $a(EXLCZ)99954926228400 100 $a19980331a19799999 s-- a 101 0 $aeng 135 $aurmnu|||||||| 181 $ctxt$2rdacontent 182 $cc$2rdamedia 183 $acr$2rdacarrier 200 10$aDesign studies 210 $a[Guildford, Surrey, England] $cIPC Business Press$d©1979- 300 $aRefereed/Peer-reviewed 300 $aTitle from contents screen (ScienceDirect, viewed Oct. 26, 2005). 311 $a0142-694X 531 $aDES STUD 531 $aDESIGN STUD 606 $aArchitectural design$vPeriodicals 606 $aArchitecture$xResearch$vPeriodicals 606 $aDesign$vPeriodicals 606 $aArchitectural design$xPeriodicals 606 $aDesign architectural$xPériodiques 606 $aArchitecture$xRecherche$xPériodiques 606 $aDesign$xPériodiques 606 $aDesign architectural$vPériodiques 606 $aArchitecture$xRecherche$vPériodiques 606 $aDesign$vPériodiques 606 $aArchitectural design$2fast$3(OCoLC)fst00813184 606 $aArchitecture$xResearch$2fast$3(OCoLC)fst00813508 606 $aDesign$2fast$3(OCoLC)fst00891253 608 $aPeriodicals.$2fast 610 $aDesign$aSerials 615 0$aArchitectural design 615 0$aArchitecture$xResearch 615 0$aDesign 615 0$aArchitectural design$xPeriodicals. 615 6$aDesign architectural$xPériodiques. 615 6$aArchitecture$xRecherche$xPériodiques. 615 6$aDesign$xPériodiques. 615 6$aDesign architectural 615 6$aArchitecture$xRecherche 615 6$aDesign 615 7$aArchitectural design. 615 7$aArchitecture$xResearch. 615 7$aDesign. 712 02$aDesign Research Society. 906 $aJOURNAL 912 $a996210658803316 996 $aDesign studies$9797671 997 $aUNISA LEADER 03722nam 22007335 450 001 996635671603316 005 20251225183639.0 010 $a9789819609352 010 $a9819609356 024 7 $a10.1007/978-981-96-0935-2 035 $a(MiAaPQ)EBC31826289 035 $a(Au-PeEL)EBL31826289 035 $a(CKB)36976043100041 035 $a(DE-He213)978-981-96-0935-2 035 $a(OCoLC)1481785679 035 $a(EXLCZ)9936976043100041 100 $a20241209d2025 u| 0 101 0 $aeng 135 $aurcnu|||||||| 181 $ctxt$2rdacontent 182 $cc$2rdamedia 183 $acr$2rdacarrier 200 10$aAdvances in Cryptology ? ASIACRYPT 2024 $e30th International Conference on the Theory and Application of Cryptology and Information Security, Kolkata, India, December 9?13, 2024, Proceedings. Part V /$fedited by Kai-Min Chung, Yu Sasaki 205 $a1st ed. 2025. 210 1$aSingapore :$cSpringer Nature Singapore :$cImprint: Springer,$d2025. 215 $a1 online resource (485 pages) 225 1 $aLecture Notes in Computer Science,$x1611-3349 ;$v15488 311 08$a9789819609345 311 08$a9819609348 327 $aKey Exchange Protocols -- Succinct Arguments -- Verifiable Computation -- Zero-knowledge Protocols. 330 $aThe 9 volume set LNCS 15484-15492 constitutes the refereed proceedings of the 30th International Conference on the Theory and Application of Cryptology and Information Security, ASIACRYPT 2024, which took place in Kolkata, India, during December 9?13, 2024. The 127 full papers included in the proceedings were carefully reviewed and selected from 433 submissions. They were organized in topical sections as follows: Advances Primitives; homomorphic encryption; digital signatures; public-key cryptography; pairing-based cryptography, threshold cryptography; isogeny-based cryptography; post-quantum cryptography; secure data structures; lattice-based cryptography; lattice assumptions; key exchange protocols; succinct arguments; verifiable computation, zero-knowledge protocols; secure multiparty computation; blockchain protocols; information theoretic cryptography; secret sharing; security against physical attacks; cryptanalysis on symmetric-key schemes; cryptanalysis on public-key schemes; fault attacks and side-channel analysis; cryptanalysis on various problems; quantum cryptanalysis; quantum cryptography; symmetric-key cryptography. 410 0$aLecture Notes in Computer Science,$x1611-3349 ;$v15488 606 $aCryptography 606 $aData encryption (Computer science) 606 $aComputer networks 606 $aApplication software 606 $aData protection 606 $aComputer networks$xSecurity measures 606 $aCryptology 606 $aComputer Communication Networks 606 $aComputer and Information Systems Applications 606 $aSecurity Services 606 $aMobile and Network Security 615 0$aCryptography. 615 0$aData encryption (Computer science) 615 0$aComputer networks. 615 0$aApplication software. 615 0$aData protection. 615 0$aComputer networks$xSecurity measures. 615 14$aCryptology. 615 24$aComputer Communication Networks. 615 24$aComputer and Information Systems Applications. 615 24$aSecurity Services. 615 24$aMobile and Network Security. 676 $a005.824 700 $aChung$b Kai-Min$01782610 701 $aSasaki$b Yu$01695891 801 0$bMiAaPQ 801 1$bMiAaPQ 801 2$bMiAaPQ 906 $aBOOK 912 $a996635671603316 996 $aAdvances in Cryptology ? ASIACRYPT 2024$94309018 997 $aUNISA